| 000 | 00572nam a2200193 a 4500 | ||
|---|---|---|---|
| 005 | 20140311163016.0 | ||
| 008 | 070212s19uu xx 00 eng d | ||
| 020 | _a1864701455 | ||
| 050 |
_aTR 653 _b.W773 2005 |
||
| 100 | _aWinkel, Dos | ||
| 245 |
_aAnother world : _bcolours, textures and patterns of the deep / _cDos Winkel |
||
| 260 |
_aAustralia : _bThe Images Publishing Group, _c2005. |
||
| 300 |
_a238 p. : _bcol. ill. ; _c29 cm. |
||
| 521 | _aMA | ||
| 650 | _aUnderwater photography. | ||
| 650 | _aMacrophotography. | ||
| 942 |
_cBK _2lcc _kFOR |
||
| 999 |
_c39421 _d39421 |
||